000 00768nam a2200205Ia 4500
999 _c35120
_d35120
001 961
003 GE_BSU
005 20220920115650.0
008 181216s1991||||rus|||||||||||||| ||ru ||
020 _a5060000125
040 _cGE_BSU
080 _a94 ,,653 ''
245 _aИстория средних веков :
_bТом 2. Учебники для вузов по. спец. ,,История" /
_cЛ.М. Брагина, и др.; Под. Ред. З.В. Удальцовой и С.П. Карлова.
264 _aМосква :
_bВысшая школа,
_c1991.
300 _a400 с.
653 _aИстория средних веков
653 _aისტორია
700 _aБрагина, Л.М.
_eავტორი
_914639
942 _cBK
_2udc